000 00666nam a2200217 a 4500
999 _c8135
_d8135
001 8135
003 BD-JhCC
005 20180218200215.0
008 180218s19602011bg |||| ||a| 000 0 b d
035 _a(BD-JhCC)8135
040 _aBD-JhCC
_dBD-JhCC
041 _aben
082 _a780
_bRAH 1960
100 _aরহমান,মুহম্মদ শামসুর.
245 _aবৃষ্টি ঝরা গান /
_cমুহম্মদ শামসুর রহমান
260 _aঢাকা :
_bজামান প্রিন্টার্স ;
_c1960.
300 _a58 p. :
_c22 cm.
651 _aMusic
942 _2lcc
_cBK